00382nam a22001577a 450000500170000000800410001702000260005804000090008404100120009308200130010510000250011824500180014326000320016130000080019365000230020120260210125012.0260210b |||||||| |||| 00| 0 eng d a9788119662258c995.00 aMAIN aEnglish a579bSHA aSharma, Manoj Kumar  aMicrobiology  aNew DelhibAne Books c2025 a228 aBiological Science